000 00802nam a2200217Ia 4500
999 _c65190
_d65190
005 20240530110811.0
008 140319s2010 jo a b 000 0 ara d
017 _a2009/6/2601
_bعمان . دائرة المكتبة الوطنية
040 _aGCL /
_cGCL
082 0 4 _221
_a720.9 /
_bر ت
100 0 _aرنا اسماعيل اليسير
245 1 0 _aتاريخ العمارة :
_bبين القديم والحديث /
_cرنا اسماعيل اليسير
250 _aط.1
260 _aعمان :
_bاثراء للنشر والتوزيع،
_c2010 .
300 _a216 ص. :
_bايض. ؛
_c24 سم.
650 0 7 _aالعمارة
_2qrmak
_xتاريخ ونقد
650 0 7 _aالفن المعمارى
651 _2qrmak
942 _2ddc
_cBK